Veronica Mars Mysteries Quiz Stats

 Plays Quiz not verified by Sporcle

Challenge
Share
Tweet
Embed
Score 0/11 Timer 04:00
0 Plays Today
Mystery Answer % Correct
Is Lynn Echolls really dead?Yes (Presumably)
97.5%
Who was at Veronica's door at the end of season one?Logan Echolls
96.3%
Who (really) raped Veronica?Cassidy 'Beaver' Casablancas
96.2%
Who caused the bus crash?Cassidy 'Beaver' Casablancas
96.2%
Duncan dumped Veronica because he thought they were _____?Related
95.1%
Who killed Lilly Kane?Aaron Echolls
94.6%
Who is Veronica's real father?Keith Mars
94.1%
What did Woody Goodman do to cause Gia's stalking and the mysterious packages he received?Molested Cassidy 'Beaver' Casablancas and others
74.2%
Who killed Felix?Thumper
62.7%
Who was the Hearst College rapist?Mercer Hayes (with Moe's help)
53%
Who killed Dean O'Dell?Tim Foyle
45.7%

You're not logged in!

Compare scores with friends on all Sporcle quizzes.
Join for Free
OR
Log In

You Might Also Like...

Show Comments

Extras

Top Quizzes Today


Score Distribution

Your Account Isn't Verified!

In order to create a playlist on Sporcle, you need to verify the email address you used during registration. Go to your Sporcle Settings to finish the process.

Report this User

Report this user for behavior that violates our Community Guidelines.

Details: